<?xml version="1.0" encoding="UTF-8"?>
<record
    xmlns:xsi="http://www.w3.org/2001/XMLSchema-instance"
    xsi:schemaLocation="http://www.loc.gov/MARC21/slim http://www.loc.gov/standards/marcxml/schema/MARC21slim.xsd"
    xmlns="http://www.loc.gov/MARC21/slim">

  <leader>02613nam a2200457 i 4500</leader>
  <controlfield tag="001">195234</controlfield>
  <controlfield tag="003">SpMaBN</controlfield>
  <controlfield tag="005">20250825062738.0</controlfield>
  <controlfield tag="008">230316s2022    sp a   | |||| 000 0cspa  </controlfield>
  <datafield tag="015" ind1=" " ind2=" ">
    <subfield code="a">MON22</subfield>
  </datafield>
  <datafield tag="017" ind1=" " ind2=" ">
    <subfield code="a">M 26369-2022</subfield>
    <subfield code="b">Oficina Dep&#xF3;sito Legal Madrid</subfield>
  </datafield>
  <datafield tag="020" ind1=" " ind2=" ">
    <subfield code="a">9788412426687</subfield>
  </datafield>
  <datafield tag="040" ind1=" " ind2=" ">
    <subfield code="a">SpMaBN</subfield>
    <subfield code="b">spa</subfield>
    <subfield code="c">SpMaBN</subfield>
    <subfield code="e">rda</subfield>
    <subfield code="d">ES-MaACL</subfield>
  </datafield>
  <datafield tag="080" ind1=" " ind2=" ">
    <subfield code="a">929:316.344.32-055.2(460)"19"</subfield>
  </datafield>
  <datafield tag="080" ind1=" " ind2=" ">
    <subfield code="a">323.23-055.2(460)"19"</subfield>
  </datafield>
  <datafield tag="100" ind1=" " ind2=" ">
    <subfield code="a">Estirado, Carmen, </subfield>
    <subfield code="d">1985-</subfield>
    <subfield code="9">236801</subfield>
    <subfield code="e">aut</subfield>
  </datafield>
  <datafield tag="245" ind1="1" ind2="0">
    <subfield code="a">Lo que yo iba escribiendo :</subfield>
    <subfield code="b">las mujeres de la generaci&#xF3;n del 98 / </subfield>
    <subfield code="c">Carmen Estirado ; pr&#xF3;logo de Layla Mart&#xED;nez.</subfield>
  </datafield>
  <datafield tag="250" ind1=" " ind2=" ">
    <subfield code="a">Primera edici&#xF3;n: noviembre de 2022</subfield>
  </datafield>
  <datafield tag="264" ind1=" " ind2="1">
    <subfield code="a">[Madrid] :</subfield>
    <subfield code="b">Carpenoctem,</subfield>
    <subfield code="c">2022.</subfield>
  </datafield>
  <datafield tag="264" ind1=" " ind2="4">
    <subfield code="c">&#xA9;2022</subfield>
  </datafield>
  <datafield tag="300" ind1=" " ind2=" ">
    <subfield code="a">204 p&#xE1;ginas :</subfield>
    <subfield code="b">fotograf&#xED;as (blanco y negro) ;</subfield>
    <subfield code="c">21 cm.</subfield>
  </datafield>
  <datafield tag="336" ind1=" " ind2=" ">
    <subfield code="a">Texto</subfield>
    <subfield code="2">rdacontent</subfield>
  </datafield>
  <datafield tag="337" ind1=" " ind2=" ">
    <subfield code="a">sin mediaci&#xF3;n</subfield>
    <subfield code="2">rdamedia</subfield>
  </datafield>
  <datafield tag="338" ind1=" " ind2=" ">
    <subfield code="a">volumen</subfield>
    <subfield code="2">rdacarrier</subfield>
  </datafield>
  <datafield tag="490" ind1="1" ind2=" ">
    <subfield code="a">Notas al pie</subfield>
  </datafield>
  <datafield tag="500" ind1=" " ind2=" ">
    <subfield code="a">&#xBF;Qu&#xE9; espa&#xF1;ola escribi&#xF3; en la sombra guiones para Hollywood? &#xBF;Hubo solo hombres cubriendo como reporteros los conflictos b&#xE9;licos de principios del siglo XX? &#xBF;C&#xF3;mo era ser lesbiana en el Madrid de la Segunda Rep&#xFA;blica? &#xBF;Por qu&#xE9;, cuando se habla de la generaci&#xF3;n del 98, los libros abordan exclusivamente nombres masculinos? Lo que yo iba escribiendo recupera la memoria de un extraordinario grupo de escritoras. Mar&#xED;a Lej&#xE1;rraga, Carmen de Burgos, Sof&#xED;a Casanova, Mar&#xED;a de Maeztu, Carmen Baroja, Bel&#xE9;n de S&#xE1;rraga y Regina de Lamo redactaron novelas, ensayos, obras teatrales, poemas y art&#xED;culos, pronunciaron conferencias, fundaron organizaciones y lucharon por su voz y sus derechos. A trav&#xE9;s de fragmentos de sus propios escritos, cartas y declaraciones p&#xFA;blicas, este ensayo reivindica su legado.</subfield>
  </datafield>
  <datafield tag="504" ind1=" " ind2=" ">
    <subfield code="a">Bibliograf&#xED;a: p&#xE1;ginas 201 (sin numerar)-204</subfield>
  </datafield>
  <datafield tag="650" ind1=" " ind2="0">
    <subfield code="a">Mujeres intelectuales-</subfield>
    <subfield code="z">Espa&#xF1;a-</subfield>
    <subfield code="y">S.XX</subfield>
    <subfield code="9">233894</subfield>
  </datafield>
  <datafield tag="650" ind1=" " ind2="7">
    <subfield code="a">Feminismo-</subfield>
    <subfield code="z">Espa&#xF1;a-</subfield>
    <subfield code="y">S.XX</subfield>
    <subfield code="9">166951</subfield>
  </datafield>
  <datafield tag="655" ind1=" " ind2="0">
    <subfield code="a">Biograf&#xED;as</subfield>
    <subfield code="9">176647</subfield>
  </datafield>
  <datafield tag="700" ind1=" " ind2=" ">
    <subfield code="a">Mart&#xED;nez, Layla, </subfield>
    <subfield code="d">1987-</subfield>
    <subfield code="9">236803</subfield>
    <subfield code="e">aui</subfield>
  </datafield>
  <datafield tag="830" ind1=" " ind2="0">
    <subfield code="a">Notas al pie</subfield>
    <subfield code="9">239835</subfield>
  </datafield>
  <datafield tag="852" ind1=" " ind2=" ">
    <subfield code="a">ES-MaACL</subfield>
    <subfield code="c">DEPOJ</subfield>
    <subfield code="j">N-8893</subfield>
    <subfield code="g">Dedicatoria aut&#xF3;grafa de la autora</subfield>
    <subfield code="h">Donaci&#xF3;n: Carmen Estirado</subfield>
    <subfield code="x">Encuadernaci&#xF3;n r&#xFA;stica con solapas</subfield>
    <subfield code="9">204777</subfield>
  </datafield>
  <datafield tag="901" ind1=" " ind2=" ">
    <subfield code="a">"ISBN"</subfield>
  </datafield>
  <datafield tag="903" ind1=" " ind2=" ">
    <subfield code="9">236801</subfield>
    <subfield code="a">Estirado, Carmen, </subfield>
    <subfield code="d">1985-</subfield>
    <subfield code="e">dnr</subfield>
  </datafield>
  <datafield tag="942" ind1=" " ind2=" ">
    <subfield code="c">MONOGRAFIA</subfield>
    <subfield code="n">0</subfield>
  </datafield>
  <datafield tag="999" ind1=" " ind2=" ">
    <subfield code="c">195234</subfield>
    <subfield code="d">195234</subfield>
  </datafield>
  <datafield tag="952" ind1=" " ind2=" ">
    <subfield code="0">0</subfield>
    <subfield code="1">0</subfield>
    <subfield code="2">udc</subfield>
    <subfield code="4">0</subfield>
    <subfield code="7">0</subfield>
    <subfield code="8">Librosdedicados</subfield>
    <subfield code="a">ATENEOM</subfield>
    <subfield code="b">ATENEOM</subfield>
    <subfield code="c">DEPOJ</subfield>
    <subfield code="d">2025-03-15</subfield>
    <subfield code="e">DONACION</subfield>
    <subfield code="l">0</subfield>
    <subfield code="o">N-8893</subfield>
    <subfield code="p">101229623</subfield>
    <subfield code="r">2025-03-15 00:00:00</subfield>
    <subfield code="w">2025-03-15</subfield>
    <subfield code="y">MONOGRAFIA</subfield>
  </datafield>
</record>
